<?xml version="1.0" encoding="UTF-8"?>
<collection xmlns="http://www.loc.gov/MARC21/slim">
    <record>
        <controlfield tag="001">189634</controlfield>
        <controlfield tag="005">20170412210235.0</controlfield>
        <datafield tag="024" ind1="7" ind2=" ">
            <subfield code="2">PUB:(DE-HGF)</subfield>
            <subfield code="a">PUB:(DE-HGF)39</subfield>
        </datafield>
        <datafield tag="035" ind1=" " ind2=" ">
            <subfield code="a">PUB:(DE-HGF)39</subfield>
        </datafield>
        <datafield tag="155" ind1=" " ind2=" ">
            <subfield code="a">Journal Issue</subfield>
        </datafield>
        <datafield tag="336" ind1="7" ind2=" ">
            <subfield code="m">journalissue</subfield>
        </datafield>
        <datafield tag="555" ind1=" " ind2=" ">
            <subfield code="5">DINI</subfield>
            <subfield code="a">PeriodicalPart</subfield>
        </datafield>
        <datafield tag="555" ind1=" " ind2=" ">
            <subfield code="5">BibTeX</subfield>
            <subfield code="a">BOOK</subfield>
        </datafield>
        <datafield tag="555" ind1=" " ind2=" ">
            <subfield code="0">1</subfield>
            <subfield code="5">EndNote</subfield>
            <subfield code="a">Book</subfield>
        </datafield>
        <datafield tag="555" ind1=" " ind2=" ">
            <subfield code="5">ORCID</subfield>
            <subfield code="a">BOOK</subfield>
        </datafield>
        <datafield tag="555" ind1=" " ind2=" ">
            <subfield code="5">DataCite</subfield>
            <subfield code="a">Output Types/Journal Issue</subfield>
        </datafield>
        <datafield tag="909" ind1="C" ind2="O">
            <subfield code="o">oai:juser.fz-juelich.de:811597</subfield>
            <subfield code="p">authority</subfield>
            <subfield code="p">authority:PUB</subfield>
        </datafield>
        <datafield tag="909" ind1="C" ind2="O">
            <subfield code="o">oai:juser.fz-juelich.de:811597</subfield>
        </datafield>
        <datafield tag="970" ind1=" " ind2=" ">
            <subfield code="a">PUB:(DE-HGF)39</subfield>
        </datafield>
        <datafield tag="980" ind1=" " ind2=" ">
            <subfield code="a">PUB</subfield>
        </datafield>
        <datafield tag="980" ind1=" " ind2=" ">
            <subfield code="a">AUTHORITY</subfield>
        </datafield>
    </record>

    
</collection>